Report of the Committee on Third Level Air Services (Record no. 489886)

000 -LEADER
fixed length control field 00455cam a22001337a 4500
008 - FIXED-LENGTH DATA ELEMENTS--GENERAL INFORMATION
fixed length control field 180718b1978 xxu||||| |||| 00| 0 eng d
082 ## - DEWEY DECIMAL CLASSIFICATION NUMBER
Classification number W6x54 In2re
100 ## - MAIN ENTRY--PERSONAL NAME
Personal name Committee on Third Level Air Services
245 ## - TITLE STATEMENT
Title Report of the Committee on Third Level Air Services
Statement of responsibility, etc. by Committee on Third Level Air Services, India
260 ## - PUBLICATION, DISTRIBUTION, ETC.
Place of publication, distribution, etc. New Delhi
Name of publisher, distributor, etc. The author
Date of publication, distribution, etc. 1978
300 ## - PHYSICAL DESCRIPTION
Extent 194+p.
500 ## - GENERAL NOTE
General note Chairman: B.S. Gidwani
700 ## - ADDED ENTRY--PERSONAL NAME
Personal name Gidwani, B.S. (Chairman)
Holdings
Withdrawn status Lost status Damaged status Not for loan Permanent Location Current Location Date acquired Full call number Barcode Date last seen Price effective from Koha item type
        Indian Institute of Public Administration Indian Institute of Public Administration 2018-08-04 W6x54 In2re GG18902 2018-08-04 2018-08-04 GG

Powered by Koha